Normal view MARC view

Entry Personal Name

Number of records used in: 2

001 - CONTROL NUMBER

  • control field: 59339

003 - CONTROL NUMBER IDENTIFIER

  • control field: dpl

005 - DATE AND TIME OF LATEST TRANSACTION

  • control field: 20231201151506.0

008 - FIXED-LENGTH DATA ELEMENTS

  • fixed length control field: 231201|| aca||aabn | a|a d

040 ## - CATALOGING SOURCE

  • Original cataloging agency: dpl
  • Transcribing agency: dpl

100 ## - HEADING--PERSONAL NAME

  • Personal name: Ahir, Rajiv

670 ## - SOURCE DATA FOUND

  • Source citation: Work cat.: (dpl)199390: Ahir, Rajiv, A Brief History of Modern India/, 2021

© Delhi Public Library
Hit Counter
free hit counter